📖 150 premiers mots "Marie d'en haut" Agnès Ledig - Statistiques

Statistiques générales
  • Ce quiz a Ă©tĂ© pris 12 fois
  • Le rĂ©sultat moyen est 85 sur 150
Statistiques - réponses
Mots % Correct
a
100%
Ă 
100%
Ă€
100%
d'
100%
de
100%
l'
100%
le
100%
m'
100%
n'
100%
N'
100%
un
100%
ai
88%
au
88%
avec
88%
en
88%
et
88%
Il
88%
j'
88%
J'
88%
Je
88%
je
88%
les
88%
ne
88%
pas
88%
plus
88%
pour
88%
se
88%
ses
88%
Vous
88%
y
88%
autre
75%
ils
75%
la
75%
me
75%
mes
75%
peu
75%
qu'
75%
que
75%
qui
75%
sur
75%
autres
63%
bien
63%
dans
63%
ĂŞtre
63%
mais
63%
ni ...
63%
quoi.
63%
suis
63%
vie.
63%
aimer.
50%
croire
50%
mon
50%
tous
50%
yeux
50%
allez
38%
dent
38%
dent,
38%
eux.
38%
mal
38%
bonnes
25%
droite,
25%
épaule
25%
manières,
25%
mieux
25%
Ĺ’il
25%
œil,
25%
oreille
25%
pourrais
25%
seul
25%
Seul,
25%
ange
13%
cas,
13%
contredit
13%
débarrasser
13%
diable
13%
raison
13%
saoule
13%
serait
13%
aboiements.
0%
accompagné
0%
antipathique.
0%
arrĂŞtent
0%
bondieuseries
0%
chaleureux
0%
chamailler.
0%
courtois,
0%
crâne.
0%
durs
0%
ébats
0%
écarlate
0%
engageant,
0%
flic,
0%
immaculé
0%
importe
0%
lequel,
0%
méritent
0%
minimum
0%
permanence
0%
pourvu
0%
primaires,
0%
résultats
0%
sale
0%
scolaires
0%
simple
0%
suggérant
0%
susurrant
0%
type,
0%
Aucun quiz correspondant
Distribution des résultats
% des personnes avec chaque résultat
Percentile par nombre de réponses
Votre historique - résultats
Vous n’avez pas pris ce quiz